00613nam a2200229Ia 4500003000900000005001700009008004100026040003300067041000800100080001200108100002400120245003000144260000900174300001700183650001600200650001200216650001300228650002100241942000700262952009700269999001700366LK-CoDNM20240925091116.0010623t1937 xxu||||| |||| 00| 1 eng d aLK-CoDNMdLK-CoDNMeLK-CoDNM aeng a22bA21 aFernando, Sam P. C. aCeylon under British Rule c1937 b49p. ; 28 cm aAgriculture aRailway aShipping aSir James Peiris cBK 001041708OBCaMAINbMAINcREFd2024-09-24l0o22 A21pOJP1480r2024-09-25w2024-09-25yBK c98413d98413